000 01554nam a2200373 i 4500
001 ELB33926
003 FlNmELB
005 20250326042449.0
006 m o d |
007 cr cnu||||||||
008 190415s2017 sp o 000 0 spa d
020 _a9788498286342
_q(electronic bk.)
035 _a(OCoLC)1128377922
040 _aFINmELB
_bspa
_erda
_cFINmELB
050 4 _aS469.S7
_bG643 2017
080 _a316.334.55-058.35(460.35)
080 _a63(460.35)
082 0 _a338.173009468
_223
100 1 _aGonzález Beltrán, Jesús M.
245 1 0 _aEntre surcos y penurias :
_basalariados del campo en la Andalucía Occidental del Siglo XVIII /
_cJesús Manuel González Beltrán.
264 1 _aCádiz :
_bUniversidad de Cádiz,
_c2017.
300 _a1 recurso en línea (195 páginas)
336 _atexto
_btxt
_2rdacontent/spa
337 _acomputadora
_bc
_2rdamedia/spa
338 _arecurso en línea
_bcr
_2rdacarrier/spa
490 1 _aMonografías. Historia y arte / Universidad de Cádiz
588 _aDescripción basada en el editor de metadatos y otras fuentes.
590 _aRecurso electrónico. Santa Fe, Arg.: elibro, 2019. Disponible vía World Wide Web. El acceso puede estar limitado para las bibliotecas afiliadas a elibro.
650 0 _aAgriculture
_zSpain
_zAndalusia
_xHistory.
650 4 _aAgricultura
_zAndalucía
_xHistoria.
655 4 _aLibros electronicos.
830 0 _aUniversidad de Cádiz.
_tMonografías.
_pHistoria y arte.
856 4 0 _uhttps://elibro.net/ereader/usam/33926
_zClick to View
999 _c129086
_d129086